000 00470nam a2200181Ia 4500
003 GCL
008 140319s9999 xx 000 0 ara d
040 _aGCL /
_cGCL
082 0 4 _a813.02
_bع ث
100 1 _aعبده جبر
245 1 0 _aثلاثية سبيل الشخص /
_cعبده جبر
300 _a70 ص
490 _a
650 0 4 _aالادب العربى
650 0 4 _aالقصص العربية
650 0 4 _aالقصة القصيرة
942 _2ddc
_cBK
999 _c41137
_d41137